| 000 | 01022nam a2200265 a 4500 | ||
|---|---|---|---|
| 001 | 71422 | ||
| 003 | BD-RjUL | ||
| 005 | 20211209082118.0 | ||
| 008 | 170503s1947 ii ||||| |||| 00| 0 ben d | ||
| 020 | _c: TK.3.50 | ||
| 035 | _a(BD-RjUL)71638 | ||
| 040 |
_aBD-RjUL _bben _cBD-RjUL _dBD-RjUL |
||
| 041 | _aben | ||
| 082 |
_223 _a891.442092 _bDAB 1947 |
||
| 100 |
_aদাস, ঋষি _9135404 |
||
| 245 |
_aবার্ণার্ড শ : _bএকটি মানুুষের কাহিনী / _cঋষি দাস |
||
| 250 | _a১ম সং. | ||
| 260 |
_aকলিকাতা : _bইউনিভার্স্ল্ পাবলিশার্স্, _c১৯৪৭. |
||
| 300 |
_a২৭২ পৃ. ; _c১৮ সেমি. |
||
| 600 |
_aশ, বার্ণার্ড _d১৮৫৬-১৯৫০ _xজীবনী _9211328 |
||
| 600 |
_aShaw, Bernard _d1856-1950 _xBiography _9211329 |
||
| 650 |
_aবাংলা নাটক _9211326 |
||
| 650 |
_aBengali Drama _9211327 |
||
| 942 |
_2ddc _cBK |
||
| 999 |
_c71422 _d71422 |
||